000 01013nam a22002771u 4500
001 05144
003 HDC
007 cr bn ---aaaaa
008 210119p9999 o d 00 engg
040 _aHDC
100 _aRaphie Hayat
_eauthor
_95373
245 0 _aHalal Certification for Financial Products: A Transaction Cost Perspective / by
_cRaphie Hayat, Frank den Butter and Udo Kock
260 _a[no place] :
_b[publisher not identified],
_c[no year]
300 _a 1 online resource (20 pages)
336 _atext
_2rdacontent
337 _acomputer
_2rdamedia
338 _aonline resource
_2rdacarrier
650 _aIslamic finance
_9181
650 _aquality certification
_95374
700 _aButter, Frank den
_eauthor
_94260
700 _aKock, Udo
_eauthor
_94261
856 _zRequest full-text at [email protected]
942 _2lcc
942 _cAR
942 _kJART 001319
999 _c2468
_d2468